Counseling alla coppia e alla famiglia (Record n. 211567)
[ formato base ]
| 000 -LEADER | |
|---|---|
| fixed length control field | 01249nam a2200205Ia 4500 |
| 001 - CONTROL NUMBER | |
| control field | b5567-37342 |
| 003 - CONTROL NUMBER IDENTIFIER | |
| control field | IT-MiCISF |
| 008 - FIXED-LENGTH DATA ELEMENTS--GENERAL INFORMATION | |
| fixed length control field | 161014s9999||||xx |||||||||||||| ||und|| |
| 040 ## - CATALOGING SOURCE | |
| Original cataloging agency | IT-MiCISF |
| Transcribing agency | IT-MiCISF |
| 041 ## - LANGUAGE CODE | |
| Language code of text/sound track or separate title | it |
| 999 ## - SYSTEM CONTROL NUMBERS (KOHA) | |
| Koha Dewey Subclass [OBSOLETE] | si |
| 100 ## - MAIN ENTRY--PERSONAL NAME | |
| Personal name | O'Leary Charles J. |
| 245 #0 - TITLE STATEMENT | |
| Title | Counseling alla coppia e alla famiglia |
| Remainder of title | Un approccio centrato sulla persona |
| 250 ## - EDITION STATEMENT | |
| Edition statement | 1a ed. |
| 260 ## - PUBLICATION, DISTRIBUTION, ETC. (IMPRINT) | |
| Place of publication, distribution, etc. | Gardolo (TN) |
| Name of publisher, distributor, etc. | Erickson |
| Date of publication, distribution, etc. | 2002 [Edizione originale: 1999] |
| 300 ## - PHYSICAL DESCRIPTION | |
| Extent | pp. 191 |
| 500 ## - GENERAL NOTE | |
| General note | / consulenza, famiglia, coppia, consulenti, case-studies / Il volume rappresenta un valido aiuto per gli psicologi che vogliano ampliare le loro conoscenze sul counseling alle coppie e alle famiglie, e costituisce uno strumento di lavoro anche per gli psicoterapeuti della coppia e della famiglia che perseguono l'obiettivo di confrontarsi con l'approccio centrato sulla persona. Fornisce valide indicazioni per aiutare i consulenti familiari a prepararsi al counseling relazionale, presentando l'esperienza concreta di molte coppie, in un processo che svela le caratteristiche peculiari delle fasi iniziali, centrali e conclusive del lavoro terapeutico. |
| 650 ## - SUBJECT ADDED ENTRY--TOPICAL TERM | |
| Topical term or geographic name as entry element | Dinamiche familiari / consulenza-familiare |
| Relator term | 001 |
| 942 ## - ADDED ENTRY ELEMENTS (KOHA) | |
| Koha item type | LIBRO |
| 957 ## - | |
| -- | 1 |
| 999 ## - SYSTEM CONTROL NUMBERS (KOHA) | |
| -- | 1 |
| Withdrawn status | Lost status | Damaged status | Not for loan | Home library | Current library | Date acquired | Total Checkouts | Full call number | Date last seen | Price effective from | Koha item type | Public note |
|---|---|---|---|---|---|---|---|---|---|---|---|---|
| Buone Condizioni | Not For Loan | CISF - Milano | CISF - Milano | 14/10/2016 | b5567-37342 | 14/10/2016 | 14/10/2016 | LIBRO | Data import 15.10.2016 / by Epidotti, Vaglietti |